000 00327nam a22001457a 4500
020 _a978-93-82116-31-8
082 _a894.812.3
_bHUG/J
100 _aHUGO,VICTOR
245 _aJEENVALJEEN
250 _aFOURTH
260 _aTHRISSUR
_bH&C PUBLISHING HOUSE
_c2012
300 _a128
650 _aSHORT STORY
_zKERALA
942 _cBK
999 _c1368
_d1368